| 000 | 01494pam a2200361 i 4500 | ||
|---|---|---|---|
| 999 |
_c7786 _d7786 |
||
| 001 | 991060408684206706 | ||
| 003 | OSt | ||
| 005 | 20231011103258.0 | ||
| 008 | 220401e202204 spca||| |||| 001 0 cat| | ||
| 015 |
_aLL2022 _2bnc |
||
| 017 |
_aDL B 8047-2022 _bBiblioteca de Catalunya |
||
| 020 |
_a9788499656526 _q(rústica) |
||
| 024 | 7 |
_a10.2436/10.3000.04.1 _2DOI |
|
| 035 | _a(OCoLC)1331526784 | ||
| 040 |
_aES-BaBC _bcat _erda _cCDMR |
||
| 043 |
_ae-sp--- _be-spc-- _2catmarc |
||
| 080 |
_a070 _x(460.23) _x"1875/1939" _22004 |
||
| 080 |
_a32 _x(460.23) _x"1875/1939" _22004 |
||
| 100 | 1 |
_aGuillamet, Jaume _9417 |
|
| 245 | 1 | 3 |
_aEl Periodisme català contemporani : _bdiaris, partits polítics i llengües, 1875-1939 / _cJaume Guillamet Lloveras |
| 260 |
_aBarcelona : _bInstitut d'Estudis Catalans, Secció de Filosofia i Ciències Socials, _c2022 |
||
| 300 |
_a423 pàgines : _bil·lustracions ; _c24 cm |
||
| 490 | 1 |
_aTreballs de la Secció de Filosofia i Ciències Socials; _vLIII |
|
| 504 | _aBibliografia (pàgines 383-396) i índexs | ||
| 650 | 7 |
_aPeriodisme _zCatalunya _xHistòria _y1875-1939. _2lemac |
|
| 650 | 7 |
_aPremsa _zCatalunya _xHistòria _y1875-1939. _2lemac |
|
| 650 | 0 | 7 |
_aPremsa i política _zCatalunya _xHistòria _y1875-1939. _2lemac |
| 650 | 0 | 0 |
_aDiaris _zCatalunya _xHistòria _y1875-1939. _93117 |
| 830 | 0 |
_aTreballs de la Secció de Filosofia i Ciències Socials ; _v53 |
|
| 908 |
_aBC _aUPF _aUB _aUAB _aFMJC _aBPEB _aIEC _aURV _aUVic-UCC _aMS |
||
| 940 | _aBC | ||
| 942 |
_2udc _cMON |
||